[Event "be ware...below 1400"]
[Site "SchemingMind.com"]
[Date "2008.12.21"]
[Round "-"]
[White "Manfred Kraut"]
[Black "cdhardy22"]
[Result "1-0"]
[WhiteCountry "GER"]
[BlackCountry "USA"]
[WhiteElo "1380"]
[WhiteRD "68"]
[BlackElo "1238"]
[BlackRD "75"]
[GameID "184555"]

1. a4 a5 2. e4 e5 3. d4 Bb4+ 4. c3 Bd6 5. Nf3 f6 6. dxe5 fxe5 7. Nxe5 Bxe5 8. Qh5+ g6 9. Qxe5+ Ne7 10. Qxh8+ Ng8
11. Qxg8+ Ke7 12. Bg5+ Kd6 13. Qxd8 Kc6 14. Qxc8 b6 15. Bb5+ Kc5 16. Qxc7+ Nc6 17. Be3#
1-0

[Event "be ware...below 1400"]
[Site "SchemingMind.com"]
[Date "2008.12.20"]
[Round "-"]
[White "lame wolf"]
[Black "Manfred Kraut"]
[Result "0-1"]
[WhiteCountry "INT"]
[BlackCountry "GER"]
[WhiteElo "995"]
[WhiteRD "52"]
[BlackElo "1380"]
[BlackRD "68"]
[GameID "184558"]

1. a4 e5 2. d4 exd4 3. Qxd4 Nc6 4. Qd1 d5 5. g3 Nf6 6. Bg2 Be6 7. Bg5 Be7 8. Nf3 O-O 9. Bf4 a6 10. c3 b5
11. axb5 axb5 12. Nd4 Nxd4 13. cxd4 Rxa1 14. O-O Ra2 15. Qb3 Ra5 16. Nc3 c5 17. Nxb5 c4 18. Qc3 Rxb5 19. Be5 Bb4 20. Qc2 g6
21. Bxf6 Qxf6 22. Qa4 Rfb8 23. b3 Qxd4 24. bxc4 Qxc4 25. Qd1 Bc5
0-1

[Event "be ware...below 1400"]
[Site "SchemingMind.com"]
[Date "2008.12.20"]
[Round "-"]
[White "marcos_469204"]
[Black "Manfred Kraut"]
[Result "1-0"]
[WhiteCountry "ARG"]
[BlackCountry "GER"]
[WhiteElo "1607"]
[WhiteRD "103"]
[BlackElo "1380"]
[BlackRD "68"]
[GameID "184560"]

1. a4 e5 2. e4 Nc6 3. Nf3 Nf6 4. Nc3 Bc5 5. Bc4 O-O 6. d3 a6 7. O-O d6 8. Bg5 Re8 9. Nd5 Be6 10. Nxf6+ gxf6
11. Bh6 f5 12. Bxe6 Rxe6 13. Bg5 f6 14. exf5 Re8 15. Bd2 Nd4 16. b4 Nxf3+ 17. Qxf3 Bd4 18. c3 Ba7 19. Rfe1 c6 20. Re4 d5
21. Rg4+ Kf8 22. Bh6+ Ke7 23. Rg7+ Kd6 24. Rxb7 Rh8 25. Be3 Bxe3 26. Qxe3 h5 27. Qc5#
1-0

[Event "be ware...below 1400"]
[Site "SchemingMind.com"]
[Date "2008.12.25"]
[Round "-"]
[White "Daphriend"]
[Black "Manfred Kraut"]
[Result "0-1"]
[WhiteCountry "USA"]
[BlackCountry "GER"]
[WhiteElo "1330"]
[WhiteRD "78"]
[BlackElo "1411"]
[BlackRD "67"]
[GameID "184562"]

1. a4 e5 2. d3 d5 3. e4 d4 4. Nf3 Nc6 5. g3 Qf6 6. Bg2 Be6 7. Ng5 O-O-O 8. Bh3 Bb4+ 9. Bd2 Qxg5 10. Bxb4 Bxh3
11. c3 dxc3 12. Nxc3 Nxb4 13. Qb3 Nxd3+ 14. Ke2 Nf6 15. Nd5 Nc5 16. Ne7+ Kb8 17. Qxf7 Rd2+ 18. Ke1 Nd3#
0-1

[Event "be ware...below 1400"]
[Site "SchemingMind.com"]
[Date "2008.12.21"]
[Round "-"]
[White "Jochen"]
[Black "Manfred Kraut"]
[Result "0-1"]
[WhiteCountry "GBR"]
[BlackCountry "GER"]
[WhiteElo "1101"]
[WhiteRD "70"]
[BlackElo "1411"]
[BlackRD "67"]
[GameID "184563"]

1. a4 e5 2. e3 d5 3. Bb5+ c6 4. Bd3 e4 5. Be2 Be6 6. Nc3 Nf6 7. Nh3 Bd6 8. Ng5 O-O 9. d3 Qa5 10. Qd2 Bb4
11. dxe4 dxe4 12. Qd4 Na6 13. h3 h6 14. Nxe4 Nxe4 15. Qxe4 Bxc3+ 16. Kf1 Rfe8 17. Ra3 Bd5 18. Qg4 Bb4 19. Rd3 Be6 20. Qf4 Nc5
21. Rd6 Nb3 22. cxb3 Bxd6 23. Qxd6 Bxb3 24. Bd2 Qxa4 25. Bg4 Qa1+ 26. Ke2 Qxh1 27. Qb4 Qd1+ 28. Kd3 Rad8+ 29. Kc3 Qc2#
0-1

[Event "be ware...below 1400"]
[Site "SchemingMind.com"]
[Date "2008.12.21"]
[Round "-"]
[White "cdhardy22"]
[Black "Manfred Kraut"]
[Result "0-1"]
[WhiteCountry "USA"]
[BlackCountry "GER"]
[WhiteElo "1238"]
[WhiteRD "75"]
[BlackElo "1380"]
[BlackRD "68"]
[GameID "184564"]

1. a4 e5 2. e4 d5 3. d4 Nc6 4. c3 Nf6 5. Qd3 dxe4 6. Qb5 a6 7. Qb3 exd4 8. Bc4 Ne5 9. Be2 d3 10. Bf1 Be6
11. Qc2 dxc2 12. Ne2 Qd1#
0-1